Aportación documental a la historia social y económica de Extremadura en el siglo XVIII / Ramón Pérez Caminero
ISBN:
84-7671-646-X
Descripción Física:
825 p. ; 24 cm
MARC
| LEADER | 00000nam a2200000Ia 4500 | ||
|---|---|---|---|
| 001 | 13775 | ||
| 003 | BGR | ||
| 005 | 20260324175306.0 | ||
| 008 | 160829s9999 xx 000 0 cat d | ||
| 020 | |a 84-7671-646-X | ||
| 080 | |a H-2-132 | ||
| 100 | |a Pérez Caminero, Ramón |9 25238 | ||
| 245 | |a Aportación documental a la historia social y económica de Extremadura en el siglo XVIII / Ramón Pérez Caminero | ||
| 260 | |a Badajoz : |b Archivo Histórico Provincial de Badajoz, DL 2002 | ||
| 300 | |a 825 p. ; |c 24 cm | ||
| 590 | |a Bibliografia. | ||
| 590 | |a Índex. | ||
| 590 | |a A la coberta: Junta de Extremadura, Consejería de Cultura | ||
| 650 | |a Extremadura |x Condicions socials |x S. XVIII |x Fonts |9 25239 | ||
| 650 | |a Extremadura |x Condicions econòmiques |x S. XVIII |x Fonts |9 25240 | ||
| 650 | |a Archivo Histórico Províncial de Badajoz |x Catàlegs |9 44065 | ||
| 710 | 1 | |a Extremadura. |b Consejería de Cultura |9 54127 | |
| 710 | 1 | |a Archivo Histórico Provincial de Badajoz |9 70427 | |
| 901 | |a Arxiu | ||
| 942 | |n 1 |2 udc |c MON | ||
| 952 | |0 0 |1 0 |4 0 |6 H2132 |7 1 |9 43519 |a Arxiu |b Arxiu |d 2016-12-01 |l 0 |o H-2-132 |p 13775 |r 2016-12-01 00:00:00 |w 2016-12-01 |y ARXIU | ||
| 999 | |c 46065 |d 46065 | ||